| 000 | 00953nam a2200229 a 4500 | ||
|---|---|---|---|
| 001 | 79069 | ||
| 003 | BD-RjUL | ||
| 005 | 20211227121308.0 | ||
| 008 | 211227s2014 bg ||||| |||| 00| 0 ben d | ||
| 020 |
_a9789840416844 _c: TK. 250.00 |
||
| 035 | _a(BD-RjUL)79069 | ||
| 040 |
_aBD-RjUL _bben _cBD-RjUL |
||
| 041 | _aben | ||
| 082 |
_223 _a954.9205092 _bAHB 2014 |
||
| 100 |
_aআহমদ, সালাহউদ্দিন _9376 |
||
| 245 | 0 | 1 |
_aবঙ্গবন্ধু বাঙালি সাংস্কৃতিক ঐতিহ্য ও সমকালীন ভাবনা / _cসালাহউদ্দিন আহমদ |
| 260 |
_aঢাকা : _bআগামী প্রকাশনী, _c২০১৪ |
||
| 300 |
_a১১৯ পৃ. ; _c২৩ সেমি. |
||
| 600 |
_aমুজিবুর রহমান, _cশেখ, _d১৯২০-১৯৭৫ _9166 |
||
| 600 |
_aMujibur Rahman, _cSheikh, _d1920-1975 _9167 |
||
| 942 |
_2ddc _cBK |
||
| 999 |
_c79069 _d79069 |
||